Statistics for U.S. State Capital Cities Closest to Cuba

Click here to take the quiz!

General Stats

  • This quiz has been taken 104 times
  • The average score is 9 of 10

Answer Stats

Distance (Miles)Capital% Correct
742Atlanta
97%
517Tallahassee
97%
987Austin
96%
762Jackson
95%
693Baton Rouge
92%
675Montgomery
90%
935Nashville
90%
874Raleigh
87%
971Little Rock
84%
741Columbia
82%

Score Distribution

Percentile by Number Answered

Percent of People with Each Score

Your Score History

You have not taken this quiz